[Event "Chioggia op-B 14th"]
[Site "Chioggia"]
[Date "2019.10.04"]
[Round "1"]
[White "Berti, Beniamino"]
[Black "Rizzati, Aldo"]
[Result "0-1"]
[WhiteElo "1545"]
[BlackElo "1737"]
[PlyCount "82"]
[EventDate "2019.10.04"]
[EventType "swiss"]
[EventRounds "5"]
[EventCountry "ITA"]
[SourceTitle "EXT 2022"]
[Source "ChessBase"]
[SourceDate "2021.10.06"]
[SourceVersion "1"]
[SourceVersionDate "2021.10.06"]
[SourceQuality "1"]

1. e4 e5 2. Nf3 Nc6 3. Bb5 a6 4. Bxc6 dxc6 5. 0-0 Bd6 6. c3 Nf6 7. d4 Bg4 8. Bg5 h6 9. Bh4 Qe7 10. Re1 0-0-0 11. Nbd2 g5 12. Bg3 Nd7 13. b4 f6 14. a4 exd4 15. Bxd6 Qxd6 16. Nc4 Qe6 17. Qd3 dxc3 18. Qxc3 Bxf3 19. gxf3 g4 20. f4 h5 21. f5 Qe7 22. b5 Qc5 23. bxa6 bxa6 24. Rac1 h4 25. Ne3 Qxc3 26. Rxc3 Ne5 27. Rec1 h3 28. Nc4 Nd3 29. Rd1 Nf4 30. Re1 Ne2+ 31. Kf1 Nxc3 32. Na5 Rhe8 33. Nxc6 Nxe4 34. Rc1 Nd2+ 35. Kg1 Re4 36. Na7+ Kb7 37. Nc6 Rde8 38. Na5+ Kc8 39. f3 Nxf3+ 40. Kf2 Re2+ 41. Kg3 R8e4 0-1